00521nam a2200181 a 450000100060000000300090000600800410001502000180005604000280007408200180010210000180012024500760013826000290021430000100024365000280025365000260028165000320030723813CO-ViMGA141112s2004 ck r 000 u spa d a9789588675107 aCO-ViMGAbspacCO-ViMGA04a658.404 M173c1 aMateo, Daniel10aComo gestionar y planificar un proyecto en la empresa / cDaniel Mateo. aColombia : bEdiciones U a200p.14aEVALUACION DE PROYECTOS14aGESTION DE PROYECTOS 14aPLANIFICACION DE PROYECTOS